[Event "Benidorm op U2000 07th"]
[Site "Benidorm"]
[Date "2008.12.01"]
[Round "3"]
[White "Valverde Caballero, Rafael"]
[Black "Vazquez Rodriguez, Jorge"]
[Result "1-0"]
[WhiteElo "1948"]
[BlackElo "1998"]
[PlyCount "71"]
[EventDate "2008.11.29"]
[EventType "swiss"]
[EventRounds "9"]
[EventCountry "ESP"]
[SourceTitle "CBM 127 Extra"]
[Source "ChessBase"]
[SourceDate "2009.01.08"]
[SourceVersion "2"]
[SourceVersionDate "2009.01.28"]
[SourceQuality "1"]

1. e4 c5 2. Nf3 d6 3. d4 cxd4 4. Nxd4 Nf6 5. Nc3 e5 6. Nb3 Nc6 7. Bd3 Be6 8. 0-0 Be7 9. f4 exf4 10. Bxf4 0-0 11. Qe1 Ne5 12. Kh1 Nh5 13. Be3 Ng4 14. Bd4 Nxh2 15. Kxh2 Bh4 16. Bf2 Bf6 17. Be2 Be5+ 18. Kg1 Nf4 19. Bg3 Qg5 20. Qf2 Nh3+ 21. gxh3 Bxg3 22. Qg2 Qe3+ 23. Kh1 Be5 24. Rf3 Qh6 25. Rg1 f5 26. exf5 Rxf5 27. Rxf5 Bxf5 28. Bg4 Rf8 29. Bxf5 Rxf5 30. Rf1 Bf4 31. Nd5 Rg5 32. Rxf4 g6 33. Qf3 Re5 34. Nf6+ Kg7 35. Qxb7+ Kf8 36. Nxh7+ 1-0